|
|
|
|
| LEADER |
01240nam a2200349 a 4500 |
| 001 |
18791 |
| 003 |
BD-DhAAL |
| 005 |
20230626123826.0 |
| 008 |
230626t1998 enk b 001 0 eng d |
| 010 |
|
|
|a 98061015
|
| 020 |
|
|
|a 0803978766
|
| 020 |
|
|
|a 0803978774 (pbk.)
|
| 020 |
|
|
|a 9780803978775
|
| 035 |
|
|
|a (OCoLC)40097967
|
| 040 |
|
|
|a UkCoU
|c UkCoU
|d CLU
|d DLC
|d BD-DhAAL
|
| 042 |
|
|
|a pcc
|
| 050 |
0 |
0 |
|a HM131
|b .H3995 1998
|
| 082 |
|
|
|a 302.4
|2 23
|
| 100 |
1 |
|
|a Hetherington, Kevin.
|9 54898
|
| 245 |
1 |
0 |
|a Expressions of identity :
|b space, performance, politics /
|c Kevin Hetherington.
|
| 260 |
|
|
|a London ;
|a Thousand Oaks, Calif. :
|b Sage Publications,
|c 1998.
|
| 300 |
|
|
|a 181 pages ;
|c 25 cm.
|
| 490 |
1 |
|
|a Theory, culture & society
|
| 504 |
|
|
|a Includes bibliographical references (pages [161]-173) and index.
|
| 541 |
|
|
|e 18791
|
| 650 |
|
0 |
|a Group identity.
|
| 650 |
|
0 |
|a Social movements.
|
| 830 |
|
0 |
|a Theory, culture & society (Unnumbered)
|9 54899
|
| 852 |
|
|
|a Ayesha Abed Library
|c General Stacks
|
| 942 |
|
|
|2 ddc
|c BK
|
| 999 |
|
|
|c 45933
|d 45933
|
| 952 |
|
|
|0 0
|1 0
|2 ddc
|4 0
|6 302_400000000000000_HET
|7 0
|9 73868
|a BIGD
|b BIGD
|c GEN
|d 2023-06-26
|l 0
|o 302.4 HET
|p 3050018791
|r 2023-06-26
|t 1
|w 2023-06-26
|y BK
|x Transferred from BDI to BIGD.
|